Library Logo

Practical pharmacology / (Record no. 35473)

000 -LEADER
fixed length control field 00447nam a22001697a 4500
003 - CONTROL NUMBER IDENTIFIER
control field BD-DhUL
005 - DATE AND TIME OF LATEST TRANSACTION
control field 20150123121932.0
008 - FIXED-LENGTH DATA ELEMENTS--GENERAL INFORMATION
fixed length control field 150123s1967 bg a|||| |||| 000 0 eng d
040 ## - CATALOGING SOURCE
Transcribing agency BD-DhUL
Modifying agency BD-DhUL
082 ## - DEWEY DECIMAL CLASSIFICATION NUMBER
Classification number 615.1
Item number AHP
100 1# - MAIN ENTRY--PERSONAL NAME
Personal name Ahmad, K.
245 12 - TITLE STATEMENT
Title Practical pharmacology /
Statement of responsibility, etc. K, Ahmad
260 ## - PUBLICATION, DISTRIBUTION, ETC. (IMPRINT)
Place of publication, distribution, etc. chittagng :
Name of publisher, distributor, etc. kohinoor library,
Date of publication, distribution, etc. 1967.
300 ## - PHYSICAL DESCRIPTION
Extent VI, 100 p. :
Other physical details ill. ;
Dimensions 25 cm.
650 #o - SUBJECT ADDED ENTRY--TOPICAL TERM
Topical term or geographic name as entry element Pharmacology.
942 ## - ADDED ENTRY ELEMENTS (KOHA)
Source of classification or shelving scheme
Koha item type Books
Holdings
Price effective from Date last seen Permanent Location Not for loan Date acquired Source of classification or shelving scheme Koha item type Lost status Withdrawn status Copy number Source of acquisition Collection code Damaged status Shelving location Barcode Current Location Full call number
2015-01-232015-01-23Dhaka University Science Library 1974-06-06 Books   giftNon Fiction General StacksA118100Dhaka University Science Library615 AHP
2015-04-262015-04-26Dhaka University Science Library 2005-03-08 Books  1PurchasedNon Fiction General Stacks401456Dhaka University Science Library615 AHP
Last Updated on September 15, 2019
© Dhaka University Library. All Rights Reserved|Staff Login